000 01385nam a22002777a 4500
003 OSt
005 20210407083845.0
008 210225b 2020 dr a 00| 0 eng d
020 _a9789945919240
040 _aDO-SdBNP
_bspa
_cBNPHU
082 4 _a368.40097293
_bM828s
_222
100 1 _aMorales Billini, Fernando,
_d1952-
_977930
245 1 0 _aSalud y seguridad social en República Dominicana :
_bpautas para el cambio /
_cFernando Morales Billini ; cuidado de la edición: Aimara Vera Riverón ; prólogo Nélsida Marmolejos.
260 _aSanto Domingo :
_bEGRAF,
_c2020.
300 _a276 p. :
_b il., fots., grafcs., tablas ;
_c23 cm.
500 _aIncluye datos biográficos del autor en la solapa de la cubierta.
500 _aIncluye referencias bibliográficas y notas al pie de las páginas.
505 0 _tÍndice --
_tDedicatoria --
_tAgradecimientos --
_tPrólogo --
_tIntroducción --
_tSalud pública y seguridad --
_tGlobalización y salud --
_tMedicina de alto costo e investigación en salud --
_tApéndice --
_tTestimonio gráfico.
590 _aInventariado, 2021 /LP
650 4 _aSeguridad social
_zRepública Dominicana
_92151
650 4 _aSalud pública
_zRepública Dominicana
_92078
700 1 _aMarmolejos, Nélsida,
_epról.
_916080
700 1 _aVera Riverón, Aimara,
_eed.
_977931
910 _aLP/2021/Validado. Control de calidad MFF
942 _2ddc
_cLBS1
999 _c49455
_d49455